Química : la ciencia central /

Guardado en:
Autor Principal: Brown, Theodore L.
Otros Autores: Lemay, H. Eugene, Bursten, Bruce E., Burdge, Julia R., Escalona y García, Héctor, trad., Escalona y García, Roberto, trad.
Formato: Libro
Publicado: México : Pearson Educación, 2004
Edición:9a. ed.
Materias:
Etiquetas: Agregar Etiqueta
LEADER 01884nam a22002895a 4500
001 CEM.cems012409
005 20070326155019.0
008 130507s2004##################000#0#####d
003 CEMS
020 |a 9702604680 
082 0 4 |a 540 
100 1 |a Brown, Theodore L. 
245 1 0 |a Química :  |b la ciencia central /  |c Theodore L. Brown ; h. Eugene Lemay ; julia R. Burdge ; traducido Por Héctor Escalona y García ; roberto Escalona y García 
250 |a 9a. ed. 
260 |a México :  |b Pearson Educación,  |c 2004 
300 |a 1152 p. 
500 |a Este Ejemplar Se Encuentra En El Laboratorio De Quimica 
505 0 |a Materia y medición -- Atomos, moléculas y iones -- Estequiometría: cálculos con fórmulas y ecuaciones químicas -- Reacciones acuosas y estequiometría de disoluciones -- Termoquímica -- Estructura electrónica de los átomos -- Propiedades periódicas de los elementos -- Conceptos básicos de los enlaces químicos -- Geometría molecular y teorías de enlace -- Gases -- Fuerzas intermoleculares, líquidos y sólidos -- Materiales modernos -- Propiedades de las disoluciones -- Cinética química -- Equilibrio químico -- Equilibrios ácido-base -- Aspectos adicionales de los equilibrios acuosos -- Química ambiental -- Termodinámica química -- Electroquímica -- Química muclear -- Química de los no metales -- Metales y metalurgia -- Química de los compuestos de coordinación -- Química de la vida: química orgánica y biológica 
653 |a Química 
653 |a Química biológica 
653 |a Química-universitaria 
700 1 |a Lemay, H. Eugene 
700 1 |a Bursten, Bruce E. 
700 1 |a Burdge, Julia R. 
700 1 |a Escalona y García, Héctor, trad. 
700 1 |a Escalona y García, Roberto, trad. 
859 |a CEMS  |b BIB. CEMS - 11 de abril  |h 540  |i B813a9  |p 23795.07  |t Ej.1  |v (Laboratorio de química)  |3 (Laboratorio de química)